Calculus with applications: (Record no. 595143)
[ view plain ]
| 000 -LEADER | |
|---|---|
| fixed length control field | 01016nam a22001457a 4500 |
| 040 ## - CATALOGING SOURCE | |
| Transcribing agency | NUST |
| 050 ## - LIBRARY OF CONGRESS CALL NUMBER | |
| Classification number | 72-95090 |
| 082 ## - DEWEY DECIMAL CLASSIFICATION NUMBER | |
| Classification number | 515,HAR |
| 100 ## - MAIN ENTRY--PERSONAL NAME | |
| Personal name | Hart, William L. |
| 9 (RLIN) | 113437 |
| 245 ## - TITLE STATEMENT | |
| Title | Calculus with applications: |
| Remainder of title | to Social and life Sciences / |
| Statement of responsibility, etc. | William L Hart |
| 260 ## - PUBLICATION, DISTRIBUTION, ETC. | |
| Place of publication, distribution, etc. | New York |
| Name of publisher, distributor, etc. | Laidlaw Brother |
| Date of publication, distribution, etc. | 1973 |
| 300 ## - PHYSICAL DESCRIPTION | |
| Extent | 452,xiv p.; |
| 505 ## - FORMATTED CONTENTS NOTE | |
| Formatted contents note | Certain precalculus(Page-1), Calculus with applications (Page-53) Differentiation of exponential and logarithmic functions (Page-145), Introduction to solid analytic geometry (Page-215), Partial differentiation and applications (Page-229), Applications of integration (Page-261), Improper integrals,and probability for a continuous random variable (Page-305), Review of trigonometric functions (Page-340), alculus for Trignometric functions and Advanced Integration (Page-3590, Infinte series and Expansion of funcions (Page-385), Introduction to double integrals (Page-419), Least square methods and related topics (Page-432). |
| 942 ## - ADDED ENTRY ELEMENTS (KOHA) | |
| Source of classification or shelving scheme | |
| Koha item type | Book |
| Call number prefix | 515,HAR |
| Withdrawn status | Lost status | Source of classification or shelving scheme | Damaged status | Not for loan | Permanent Location | Current Location | Shelving location | Date acquired | Full call number | Barcode | Date last seen | Price effective from | Koha item type | Public note |
|---|---|---|---|---|---|---|---|---|---|---|---|---|---|---|
| Military College of Signals (MCS) | Military College of Signals (MCS) | General Stacks | 07/07/2023 | 515,HAR | MCS7268 | 07/07/2023 | 07/07/2023 | Book | Almirah No.82, Shelf No.3 |
